[Event "GRE-chT Online ED & SA 2nd"]
[White "Seferis, Georgios"]
[Black "Pavlidou, Ekaterini"]
[Site "Tornelo INT"]
[Round "6"]
[Result "0-1"]
[Date "2022.05.15"]
[WhiteElo "1657"]
[BlackElo "2175"]
[PlyCount "82"]
[EventDate "2022.05.14"]
[EventType "team-swiss (rapid)"]
[EventRounds "7"]
[EventCountry "GRE"]
[SourceTitle "EXT 2024"]
[Source "ChessBase"]
[SourceDate "2023.10.10"]
[SourceVersion "1"]
[SourceVersionDate "2023.10.10"]
[SourceQuality "1"]

1. d4 Nf6 2. Nc3 d5 3. Bf4 c6 4. e3 Bf5 5. f3 e6 6. g4 Bg6 7. h4 h5 8. g5 Nfd7 9. Qd2 Na6 10. Nh3 Bb4 11. Bg3 Qa5 12. Nf4 Bf5 13. Bd3 0-0-0 14. a3 Nb6 15. Kf2 Bxc3 16. Qxc3 Qxc3 17. bxc3 Nc7 18. e4 Bg6 19. Nxg6 fxg6 20. Bxc7 Kxc7 21. e5 Na4 22. Bxg6 Rdf8 23. Ke3 Nxc3 24. a4 c5 25. dxc5 d4+ 26. Kxd4 Rxf3 27. Rhf1 Ne2+ 28. Kc4 Rhf8 29. Rxf3 Rxf3 30. Bxh5 Rc3+ 31. Kb4 a5+ 32. Kxa5 Nf4 33. Bf7 Nd5 34. Kb5 Kd7 35. Rd1 Rxc2 36. Rh1 Rf2 37. g6 Rf4 38. h5 Nc3+ 39. Ka5 Rxa4+ 40. Kb6 Rb4+ 41. Ka7 Kc7 0-1

[Event "GRE-chT Online Rapid op 1st"]
[White "Seferis, Georgios"]
[Black "Nikolaou, Sofia"]
[Site "Tornelo INT"]
[Round "4.24"]
[Result "1-0"]
[Date "2021.02.20"]
[WhiteElo "1714"]
[BlackElo "1213"]
[PlyCount "47"]
[EventDate "2021.02.20"]
[EventType "team-swiss (rapid)"]
[EventRounds "9"]
[EventCountry "GRE"]
[SourceTitle "EXT 2023"]
[Source "ChessBase"]
[SourceDate "2022.10.05"]
[SourceVersion "1"]
[SourceVersionDate "2022.10.05"]
[SourceQuality "1"]

1. d4 d5 2. Nc3 e6 3. Bf4 Bb4 4. e3 Nf6 5. Bd3 0-0 6. Nge2 Nc6 7. 0-0 Re8 8. Nb5 Re7 9. a3 Ba5 10. b4 Bb6 11. c4 a6 12. Nbc3 h6 13. c5 Ba7 14. Bc2 b6 15. Bg3 Nh5 16. Qd3 Nf6 17. f4 bxc5 18. bxc5 Bb7 19. Bh4 g5 20. fxg5 hxg5 21. Bxg5 Ne4 22. Nxe4 dxe4 23. Qxe4 f6 24. Bxf6 1-0

[Event "Aegean op 39th"]
[White "Kapagiannidis, Konstantinos"]
[Black "Seferis, Georgios"]
[Site "Aghios Kirykos"]
[Round "3"]
[Result "0-1"]
[Date "2016.07.13"]
[WhiteElo "1724"]
[BlackElo "1626"]
[PlyCount "96"]
[EventDate "2016.07.11"]
[EventType "swiss"]
[EventRounds "9"]
[EventCountry "GRE"]
[SourceTitle "EXT 2017"]
[Source "ChessBase"]
[SourceDate "2016.10.25"]
[SourceVersion "1"]
[SourceVersionDate "2016.10.25"]
[SourceQuality "1"]

1. d4 d5 2. Nf3 Nf6 3. Bf4 c6 4. Nbd2 Bf5 5. Nh4 Bg6 6. Nxg6 hxg6 7. c3 e6 8. Qc2 Bd6 9. Bxd6 Qxd6 10. g3 Nbd7 11. Bg2 0-0-0 12. f3 Rxh2 13. Kf2 Rdh8 14. Rxh2 Rxh2 15. Rh1 Rxh1 16. Bxh1 Nh5 17. f4 g5 18. Bf3 Nxg3 19. Kxg3 Qxf4+ 20. Kf2 Nf6 21. Kg1 Qe3+ 22. Kh1 g4 23. Bg2 Qxe2 24. Qc1 Nh5 25. Nf1 f6 26. Qd2 Qxd2 27. Nxd2 f5 28. Kh2 Kd7 29. Nf1 f4 30. Bh1 g5 31. Kg2 Kd6 32. Nh2 Nf6 33. Kf1 b6 34. Ke2 c5 35. b3 b5 36. Kd3 c4+ 37. Ke2 e5 38. dxe5+ Kxe5 39. bxc4 bxc4 40. Nf1 f3+ 41. Ke3 Ne4 42. Nh2 Kf5 43. Kd4 Kf4 44. Kxd5 Nxc3+ 45. Kxc4 Nxa2 46. Kd3 Nc1+ 47. Kd2 Ne2 48. Ke1 Ng3 0-1

[Event "GRE-chT 43rd"]
[White "Seferis, Georgios"]
[Black "Kesidis, Odyseas"]
[Site "Porto Rio"]
[Round "4.11"]
[Result "0-1"]
[Date "2015.10.10"]
[WhiteElo "1630"]
[BlackElo "2147"]
[PlyCount "134"]
[EventDate "2015.10.08"]
[EventType "team-swiss"]
[EventRounds "7"]
[EventCountry "GRE"]
[SourceTitle "CBM 168 Extra"]
[Source "ChessBase"]
[SourceDate "2015.10.29"]
[SourceVersion "1"]
[SourceVersionDate "2015.10.29"]
[SourceQuality "1"]
[WhiteTeam "Kalamarias Han"]
[BlackTeam "Florinas OP"]
[WhiteTeamCountry "GRE"]
[BlackTeamCountry "GRE"]

1. Nf3 Nf6 2. g3 d5 3. Bg2 c6 4. d3 Bg4 5. Ne5 Bh5 6. c4 e6 7. Qb3 Qb6 8. Be3 Qxb3 9. axb3 a6 10. c5 Nbd7 11. Nxd7 Nxd7 12. b4 Be7 13. d4 f6 14. Bh3 Kf7 15. f3 g5 16. Nd2 Bg6 17. Nb3 b6 18. f4 h6 19. 0-0 Bc2 20. Nd2 bxc5 21. bxc5 f5 22. Rfc1 Be4 23. Bg2 Rhb8 24. Bxe4 fxe4 25. b3 Bf6 26. Ra4 Rb5 27. Rc2 Ra7 28. Rca2 Nb8 29. R2a3 Rab7 30. Kg2 Rb4 31. Rxb4 Rxb4 32. Ra4 Rb5 33. Kh3 a5 34. Bf2 Na6 35. e3 Nb4 36. Kg2 Bd8 37. Kf1 Kg6 38. h3 Nd3 39. Ra1 Kf5 40. Kg2 Rb7 41. g4+ Kg6 42. fxg5 Kxg5 43. Bg3 Kg6 44. h4 Rb5 45. h5+ Kg7 46. Kf1 Bf6 47. Bc7 e5 48. Rxa5 Rxa5 49. Bxa5 exd4 50. exd4 Bxd4 51. b4 Bc3 52. Nb3 Bxb4 53. Bxb4 Nxb4 54. Nd4 Kf6 55. Ke2 Kg5 56. Nf5 Nd3 57. Ne7 Nxc5 58. Nxc6 Kxg4 59. Ke3 Ne6 60. Ne7 Nc7 61. Nxd5 Nxd5+ 62. Kxe4 Nf6+ 63. Ke3 Kg3 64. Ke2 Kg2 65. Ke3 Nxh5 66. Ke4 Kg3 67. Kf5 Nf4 0-1